Представление документа в формате MARC21

Поле Инд. ПП Название Значение
Тип записи a
Библиографический уровень m
001 Контрольный номер UNIDUBNA94c54f3c069d4b96b35bd56314c9c16b
005 Дата корректировки 20260529164549.8
008 Кодируемые данные 20260529
022 a ISSN 1681-4568
084 a Индекс другой классификации/Индекс ББК 26.2
090 a Полочн. индекс 95.2
099 a Индекс 41237
245 a Заглавие Геофизика
n Номер части/ раздела №2/2026
b Продолж. заглавия научно-технический журнал
c Ответственность Евро-Азиатское геофизическое общество; гл. ред. Л. А. Золотая
260 c Дата издания 2026
b Издательство Евро-Азиатское географическое общество
a Место издания Москва
300 a Объем 84 с.
500 a Примечание Журнал
650 a Основная рубрика науки о Земле; геофизика
773 w Контрольный № источника RU/IS/BASE/388508100
901 t Тип документа s
952 a Тип литературы для КСУ ВШ НЖ
991 s 3